000 00449nam a2200181Ia 4500
001 25140
005 20260414151130.0
008 260414t2020||||xx |||||||||||||| ||spa||
041 _aESP
082 _a346.2
_bT74A
100 _aTorres Carrasco, Manuel Alberto
_eAUT
245 0 _aAlimentos :
_bdoctrina y jurisprudencia
260 _c2020
300 _a254 páginas :
_c25 cm.
650 _aDER
654 _aCDE
942 _cLIB
_dJUS
_fJUS
_2ddc
_n
999 _c25140
_d25140